000 01004nas a2200253 i 4500
003 DO-SdBNP
005 20260220081444.0
007 ta
008 260219e1971 dr fn|p|r||||||0| | spa d
040 _aDO-SdBNP
_bspa
_cBNPHU
_erda
041 _aspa
110 _aSecretaría de Estado de Agricultura (República Dominicana)
_935364
245 _aAgricultura :
_bórgano oficial de la Secretaría de Estado de Agricultura /
_cSecretaría de Estado de Agricultura.
264 _aSanto Domingo, República Dominicana :
_bSecretaría de Estado de Agricultura,
_c1971.
300 _avolumen :
_bilustraciones, fotografías ;
_c28 cm.
310 _aBimestral.
336 _atexto
_btxt
_2rdacontent
337 _asin mediación
_bn
_2rdamedia
338 _avolumen
_bnc
_2rdacarrier
362 _aNo. 444, febrero-marzo 1971.
500 _aCatalogación basada en el: No. 444, febrero-marzo 1971.
650 0 _aAgricultura
_92309
_vPublicaciones periódicas
_zRepública Dominicana
942 _2ddc
_cISSUE
999 _c60379
_d60379